000 00412nam a2200169Ia 4500
008 230711s9999||||xx |||||||||||||| ||und||
041 _aENG
082 _a720
_bHO-L
100 _aMornement ,Adam
245 0 _aInfill new houses for urban sites
250 _a1st
260 _c2009
_aLondon
_bLaurence King Publication Ltd
300 _a238
650 _aArchitecture
700 _aAnnabel,Biles
942 _cBK
999 _c5360
_d5360